Cơ sở tiếng Trung về lịch sử văn hoá kinh tế : Sách dành cho sinh viên chuyên ngành Trung Quốc học khoa Đông phương trường Đại học khoa học xã hội và nhân văn /

Gorde:
Xehetasun bibliografikoak
Beste egile batzuk: Nguyễn Văn Hồng (biên soạn.), Trần Như Bổng (biên soạn.)
Formatua: Liburua
Hizkuntza:Vietnamese
Chinese
Argitaratua: Hà Nội : Đại học quốc gia Hà Nội, 2001.
Gaiak:
Etiketak: Etiketa erantsi
Etiketarik gabe, Izan zaitez lehena erregistro honi etiketa jartzen!
Thư viện lưu trữ: Mạng thư viện Đại học Đà Nẵng
LEADER 01320nam a2200337 a 4500
001 000041422
003 15814
005 20201110143406.0
008 171030s2001
020 |c 24000 
040 |a lnn  |c lnn  |d lnn 
041 0 |a vie  |a chi 
082 1 4 |a 495.1  |b Cơ-S 
245 0 0 |a Cơ sở tiếng Trung về lịch sử văn hoá kinh tế :  |b Sách dành cho sinh viên chuyên ngành Trung Quốc học khoa Đông phương trường Đại học khoa học xã hội và nhân văn /  |c Nguyễn Văn Hồng, Trần Như Bổng biên soạn. 
260 |a Hà Nội :  |b Đại học quốc gia Hà Nội,  |c 2001. 
300 |a 240tr. ;  |c 24cm. 
500 |a Trang tên sách bằng tiếng Trung 
630 0 4 |a Hoa ngữ. 
650 0 4 |a Hoa ngữ. 
700 1 |a Nguyễn Văn Hồng,  |e biên soạn. 
700 1 |a Trần Như Bổng,  |e biên soạn. 
OWN |a LNN 
902 |a TKR 
AVA |a UDN50  |b LNN  |c Chinese  |d 495.1 Cơ-S  |e available  |t Error 5001 Not defined in file expand_doc_bib_avail.  |f 3  |g 0  |h N  |i 0  |j TN 
999 |a From the UDN01 
AVA |a UDN50  |b LNN  |c Chinese  |d 495.1 Cơ-S  |e available  |t Error 5001 Not defined in file expand_doc_bib_avail.  |f 3  |g 0  |h N  |i 0  |j TN 
TYP |a Monograph 
TYP |a Printed language 
980 |a Mạng thư viện Đại học Đà Nẵng